00520nam a22001337a 4500008004100000020001500041050002500056100002300081245011900104250001200223260005700235300007000292650002400362171201b xxu||||| |||| 00| 0 eng d a9966250077 aAFR HC 865 .O28 2000 aObudho R.A.d2000. aIssues in Resource Management and Development in Kenya /bEssays in Memory of Pro. Simeon H. Ominde /cObudho R.A. a1st ed. aKenya:bEast Affrican Educational Publishers,c2000. a313p. :ill.bincludes bibliographical references and index.c18cm aEconomic conditions